| 000 | 00000nam##2200000za#4500 |
| 001 | 9.700009 |
| 003 | CaOODSP |
| 005 | 20220901140054 |
| 007 | cr ||||||||||| |
| 008 | 150407|2014||||xxc|||||o f|0| 0 eng|d |
| 020 | |a978-1-100-25269-8 |
| 040 | |aCaOODSP|beng |
| 043 | |an-cn--- |
| 086 | 1 |aJ2-406/2014E-PDF |
| 110 | 1 |aCanada.|bJustice Canada. |
| 245 | 10|aMaximizing the federal investment in criminal legal aid / |h[electronic resource]|cprepared by: Prairie Research Associates (PRA Inc.). |
| 260 | |aOttawa - Ontario : |bJustice Canada |c2014. |
| 300 | |a195p.|breferences, tables |
| 590 | |a15-04|b2015-01-23 |
| 690 | 07|aLegal aid|2gcpds |
| 775 | 08|tOptimisation de l'investissement fédéral dans l'aide juridique en matière criminelle / |w(CaOODSP)9.643915 |
| 856 | 40|ahttp://publications.gc.ca|qPDF|s1.51 MB|uhttps://publications.gc.ca/collections/collection_2015/jus/J2-406-2014-eng.pdf |